[Event "ICS Rated blitz match"]
[Site "204.178.125.65"]
[Date "2001.10.01"]
[Round "?"]
[White "Hossa"]
[Black "Tinker"]
[Result "0-1"]
[WhiteElo "2598"]
[BlackElo "2381"]
[PlyCount "128"]
[EventDate "2001.??.??"]

1. e4 c5 2. Nf3 d6 3. d4 cxd4 4. Nxd4 Nf6 5. Nc3 e5 6. Nf3 Be7 7. Bd3 Bg4 8.
O-O O-O 9. Be3 Bh5 10. Qe2 h6 11. Rfd1 Nc6 12. Bc4 Na5 13. Bd5 Rc8 14. a3 Nxd5
15. Nxd5 Nc4 16. Bxa7 Bh4 17. b3 Ra8 18. Be3 Nxe3 19. Nxe3 Be7 20. c4 Ra6 21.
h3 Qa8 22. Nd5 Bd8 23. a4 Qc8 24. g4 Bg6 25. Rd3 Qe6 26. Rad1 Re8 27. Ne1 Ba5
28. Ng2 Bh7 29. Nh4 Bd8 30. Nf5 Ba5 31. Qe3 Kh8 32. b4 Bd8 33. Ra3 Rc6 34. Qe2
Bg5 35. a5 Rec8 36. Nb6 Rd8 37. h4 Bf4 38. Nd5 Qd7 39. Rad3 Bxf5 40. gxf5 Rxc4
41. Nb6 Qc6 42. Nxc4 Qxc4 43. Qe1 Qc7 44. b5 Qe7 45. f3 Kg8 46. Qf2 Qf6 47. a6
bxa6 48. bxa6 d5 49. Rxd5 Rxd5 50. exd5 Qxa6 51. d6 Qa4 52. Rd3 Qa6 53. Qc2 e4
54. d7 Qb6+ 55. Kf1 exd3 56. Qc8+ Kh7 57. d8=Q Qb1+ 58. Kg2 Qb2+ 59. Qc2 Qxc2+
60. Kg1 Qh2+ 61. Kf1 Bg3 62. Qd4 Qh1+ 63. Qg1 Qxf3+ 64. Qf2 Qxf2# {
Hossa checkmated} 0-1

[Event "ICS rated blitz match"]
[Site "204.178.125.65"]
[Date "2001.10.01"]
[Round "?"]
[White "Tinker"]
[Black "Hossa"]
[Result "1/2-1/2"]
[WhiteElo "2382"]
[BlackElo "2573"]
[PlyCount "122"]
[EventDate "2001.??.??"]

1. e4 d5 2. exd5 Qxd5 3. Nc3 Qe6+ 4. Be2 Qg6 5. Nf3 Qxg2 6. Rg1 Qh3 7. d3 Bd7
8. Nd5 Na6 9. Nf4 Qf5 10. Rg5 Qf6 11. Nh5 Qd6 12. Nxg7+ Bxg7 13. Rxg7 Nh6 14.
Bxh6 Qxh6 15. Rg5 Qb6 16. Qc1 O-O-O 17. c3 Rhg8 18. Rg3 Rxg3 19. hxg3 Bg4 20.
d4 c5 21. Qc2 Bxf3 22. Bxf3 cxd4 23. cxd4+ Kb8 24. Rd1 Rxd4 25. Rxd4 Qxd4 26.
Qxh7 Qxb2 27. Qxf7 Qe5+ 28. Kd1 Kc7 29. g4 Nc5 30. Qc4 e6 31. Kc2 b6 32. Be2
Kd6 33. f4 Qe3 34. Kd1 Qf2 35. Qb4 Ke7 36. Qd2 a5 37. Qb2 Qxf4 38. Qxb6 Qd4+
39. Kc2 Qe4+ 40. Kd2 Qe5 41. Qb5 Kf7 42. Kc2 Qe4+ 43. Kc1 Qd5 44. Qc4 Qxc4+ 45.
Bxc4 Ne4 46. Kb2 Kf6 47. Bd3 Nf2 48. Be2 Kg5 49. Kb3 e5 50. Kc4 Kf4 51. Kb5 Ke3
52. Bf1 Nxg4 53. Kxa5 Kf2 54. Bb5 e4 55. a4 Nf6 56. Kb4 e3 57. a5 Nd7 58. a6 e2
59. Bxe2 Nb8 60. a7 Nc6+ 61. Ka3 Nxa7 {
Game drawn because neither player has mating material} 1/2-1/2

[Event "ICS rated blitz match"]
[Site "204.178.125.65"]
[Date "2001.10.01"]
[Round "?"]
[White "Hossa"]
[Black "Ecwlapio"]
[Result "1-0"]
[WhiteElo "2565"]
[BlackElo "2095"]
[PlyCount "67"]
[EventDate "2001.??.??"]

1. d4 Nf6 2. c4 e6 3. Nf3 d5 4. Nc3 Be7 5. Bg5 h6 6. Bxf6 Bxf6 7. e3 O-O 8. Rc1
b6 9. cxd5 exd5 10. Bd3 Be6 11. O-O c5 12. dxc5 bxc5 13. Qc2 Nc6 14. Qe2 Nb4
15. Na4 c4 16. Bb1 Qa5 17. Nc3 Rfd8 18. Rfe1 Rab8 19. Red1 Qc5 20. Nd4 Nc6 21.
Nxe6 fxe6 22. Qh5 Ne5 23. Rd2 d4 24. Ne4 Qe7 25. exd4 Nd3 26. Nxf6+ Qxf6 27.
Rxc4 Nxb2 28. Rc7 Rxd4 29. Rxd4 Qxd4 30. Qf7+ Kh8 31. h3 Nc4 32. Qg6 Rxb1+ 33.
Qxb1 Ne5 34. Rc8+ {Ecwlapio resigns} 1-0

[Event "ICS rated standard match"]
[Site "204.178.125.65"]
[Date "2001.10.01"]
[Round "?"]
[White "Hossa"]
[Black "BrazilianMaster"]
[Result "1/2-1/2"]
[WhiteElo "2297"]
[BlackElo "2712"]
[PlyCount "34"]
[EventDate "2001.??.??"]

1. d4 d5 2. c4 e6 3. Nc3 Nf6 4. cxd5 exd5 5. Bg5 Be7 6. e3 c6 7. Qc2 O-O 8. Bd3
Nbd7 9. Nge2 Re8 10. O-O Nf8 11. a3 Nh5 12. Bxe7 Qxe7 13. b4 a6 14. Na4 Qc7 15.
Nac3 Qe7 16. Na4 Qc7 17. Nac3 Qe7 {Game drawn by repetition} 1/2-1/2

[Event "ICS rated blitz match"]
[Site "204.178.125.65"]
[Date "2001.10.01"]
[Round "?"]
[White "Hossa"]
[Black "Tinker"]
[Result "1-0"]
[WhiteElo "2563"]
[BlackElo "2391"]
[PlyCount "81"]
[EventDate "2001.??.??"]

1. e4 c5 2. Nf3 d6 3. d4 cxd4 4. Nxd4 Nf6 5. f3 Nc6 6. Bb5 Qb6 7. Nc3 e5 8. Nb3
Be7 9. Qe2 O-O 10. Be3 Qd8 11. O-O-O Be6 12. Nc5 Bc8 13. g4 Kh8 14. g5 Nd7 15.
Nxd7 Bxd7 16. h4 Be6 17. Kb1 Nb4 18. a3 Nc6 19. Bc4 Bxc4 20. Qxc4 Na5 21. Qd3
Qc8 22. Nd5 Bd8 23. h5 Qc4 24. Qd2 Qb5 25. Nc3 Qc6 26. b3 Rc8 27. Nd5 Qb5 28.
Nb4 d5 29. Qxd5 Qe8 30. h6 Rg8 31. hxg7+ Rxg7 32. Qd2 Nc6 33. Nd5 Nd4 34. Bxd4
exd4 35. Qxd4 Qc6 36. Rh2 Bxg5 37. Rdh1 Kg8 38. f4 Bh4 39. Rxh4 Kf8 40. Qxg7+
Kxg7 41. Rxh7+ {Tinker resigns} 1-0

[Event "ICS rated blitz match"]
[Site "204.178.125.65"]
[Date "2001.10.01"]
[Round "?"]
[White "Sjeng"]
[Black "Hossa"]
[Result "0-1"]
[WhiteElo "2559"]
[BlackElo "2572"]
[PlyCount "120"]
[EventDate "2001.??.??"]

1. d4 d5 2. c4 dxc4 3. Nf3 Nf6 4. Nc3 c6 5. a4 Bf5 6. e3 e6 7. Bxc4 Bb4 8. O-O
Nbd7 9. Qe2 Bg6 10. e4 Bxc3 11. bxc3 Nxe4 12. Ba3 Nb6 13. Bb3 Nxc3 14. Qb2 Ne4
15. Rfe1 Qc7 16. Ne5 Nf6 17. Nxf7 Bxf7 18. Bxe6 Bxe6 19. Rxe6+ Kd8 20. Re7 Nbd7
21. Rxg7 Re8 22. a5 Qxa5 23. Be7+ Rxe7 24. Rxe7 Qxa1+ 25. Qxa1 Kxe7 26. Qb1 Nb6
27. f4 Kf7 28. Kf2 Kg7 29. f5 Re8 30. Qa2 Nc8 31. Qa5 Nd5 32. h3 Kg8 33. g4 a6
34. Qc5 Re3 35. h4 Kf7 36. h5 Rc3 37. Qa5 Ke7 38. Qa1 Nd6 39. Qe1+ Re3 40. Qa1
Ne4+ 41. Kf1 Rg3 42. Ke2 Nf4+ 43. Kf1 Rf3+ 44. Ke1 Rh3 45. f6+ Kf8 46. Kd1 Rh1+
47. Kc2 Rxa1 48. h6 Ra2+ 49. Kb3 Rg2 50. f7 Rg3+ 51. Kb2 Kxf7 52. Kc2 Rd3 53.
Kb2 b6 54. Ka2 Rd2+ 55. Kb3 Kg6 56. d5 Nxd5 57. Ka3 Rg2 58. g5 b5 59. Kb3 Nc5+
60. Ka3 b4# {Sjeng checkmated} 0-1

[Event "ICS rated blitz match"]
[Site "204.178.125.65"]
[Date "2001.10.01"]
[Round "?"]
[White "PostModernist"]
[Black "Hossa"]
[Result "1-0"]
[WhiteElo "2653"]
[BlackElo "2587"]
[PlyCount "118"]
[EventDate "2001.??.??"]

1. e4 c6 2. d4 d5 3. exd5 cxd5 4. c3 e6 5. Bf4 Bd6 6. Bb5+ Bd7 7. Bxd6 Bxb5 8.
Be5 f6 9. Bxb8 Rxb8 10. Qg4 Qe7 11. Na3 Ba6 12. f4 Nh6 13. Qf3 Nf5 14. g4 Nd6
15. O-O-O Ne4 16. h4 Rc8 17. Nc2 Qc7 18. Kb1 Qa5 19. Nb4 Bb5 20. Qe3 O-O 21.
Nf3 Be8 22. Rde1 Qb5 23. Ka1 a5 24. Nd3 Ng3 25. Rhg1 Ne4 26. Nd2 Nxd2 27. Qxd2
Bf7 28. g5 f5 29. Ne5 Qe8 30. Qe3 Bh5 31. Nd3 Bf7 32. Kb1 b5 33. Nc5 Qc6 34.
Qe2 g6 35. Rg3 b4 36. cxb4 axb4 37. Rb3 Rb8 38. Qd2 Qd6 39. Re5 Rfc8 40. Rxb4
Ra8 41. Rb7 Rxc5 42. dxc5 Qa6 43. Rb3 Qxa2+ 44. Kc2 Ra4 45. Rb8+ Kg7 46. Rb4
Ra8 47. Re1 Kf8 48. Qd4 Kg8 49. c6 Qa5 50. Qb6 Qa6 51. c7 Qc8 52. Kd2 e5 53.
Qd6 h6 54. Rb8 Kh7 55. Rxc8 Rxc8 56. h5 hxg5 57. hxg6+ Bxg6 58. Rh1+ Kg7 59.
fxg5 Kf7 {Hossa resigns} 1-0

[Event "ICS Rated blitz match"]
[Site "204.178.125.65"]
[Date "2001.10.01"]
[Round "?"]
[White "Hossa"]
[Black "Tinker"]
[Result "1/2-1/2"]
[WhiteElo "2574"]
[BlackElo "2393"]
[PlyCount "84"]
[EventDate "2001.??.??"]

1. d4 Nf6 2. c4 e6 3. Nf3 d5 4. Nc3 Be7 5. Bg5 h6 6. Bxf6 Bxf6 7. e3 O-O 8. Rc1
c6 9. Bd3 Nd7 10. O-O dxc4 11. Bxc4 e5 12. h3 exd4 13. exd4 Nb6 14. Bb3 Re8 15.
Qd3 Be6 16. Bxe6 Rxe6 17. Rce1 Qd7 18. Rxe6 Qxe6 19. Re1 Qc4 20. Qxc4 Nxc4 21.
b3 Nb2 22. Ne4 Be7 23. Ne5 f6 24. Nc4 Nd3 25. Re3 Nb4 26. Ned6 Kf8 27. Nf5 Re8
28. a4 h5 29. Ncd6 Bxd6 30. Rxe8+ Kxe8 31. Nxd6+ Ke7 32. Nxb7 Ke6 33. g4 hxg4
34. hxg4 Kd5 35. Na5 Nc2 36. f3 Nxd4 37. Kf2 c5 38. Ke3 g6 39. Kf4 Ne2+ 40. Ke3
Nd4 41. Kf4 Ne2+ 42. Ke3 Nd4 {Game drawn by repetition} 1/2-1/2

[Event "ICS rated blitz match"]
[Site "204.178.125.65"]
[Date "2001.10.01"]
[Round "?"]
[White "PostModernist"]
[Black "Hossa"]
[Result "1-0"]
[WhiteElo "2673"]
[BlackElo "2566"]
[PlyCount "55"]
[EventDate "2001.??.??"]

1. d4 Nf6 2. c4 e6 3. Nf3 c5 4. g3 cxd4 5. Nxd4 d5 6. Bg2 Qa5+ 7. Nd2 dxc4 8.
O-O e5 9. Nxc4 Qc5 10. Qa4+ Bd7 11. Qb3 exd4 12. Qxb7 Qxc4 13. Bf4 Bc6 14. Qc8+
Ke7 15. Qc7+ Nfd7 16. Rfc1 Qb4 17. Bxc6 Nxc6 18. Qxc6 Nb6 19. Qe4+ Kd7 20. Rc7+
Kd8 21. Rxf7 Be7 22. a3 Qd6 23. Bxd6 Bxd6 24. Qc6 Be5 25. Rd1 Rc8 26. Rxd4+
Bxd4 27. Qd6+ Nd7 28. Qxd7# {Hossa checkmated} 1-0

[Event "ICS Rated blitz match"]
[Site "204.178.125.65"]
[Date "2001.10.01"]
[Round "?"]
[White "Hossa"]
[Black "OrlandoFL"]
[Result "0-1"]
[WhiteElo "2555"]
[BlackElo "2844"]
[PlyCount "158"]
[EventDate "2001.??.??"]

1. d4 d5 2. c4 dxc4 3. Nf3 Nf6 4. e3 e6 5. Bxc4 c5 6. O-O a6 7. dxc5 Qxd1 8.
Rxd1 Bxc5 9. Nbd2 Ke7 10. Nb3 Bd6 11. Bd2 Nc6 12. Bc3 b6 13. Ng5 Be5 14. Rac1
Bxc3 15. Rxc3 Bb7 16. Be2 Nd5 17. Rc4 f6 18. Nf3 Rac8 19. Ra4 Rhd8 20. Rd2 a5
21. Rh4 h6 22. Rg4 g5 23. Rc4 e5 24. a3 f5 25. h3 Kf6 26. g4 Nce7 27. gxf5 Rxc4
28. Bxc4 Rc8 29. Rc2 Nxe3 30. fxe3 Bxf3 31. Nd2 Nxf5 32. Kf2 Bd1 33. Rc1 Bh5
34. Rf1 Ke7 35. e4 Nd4 36. Ke3 b5 37. Bd5 Rc2 38. Rb1 Kd7 39. a4 bxa4 40. Nc4
Nc6 41. Bxc6+ Kxc6 42. Nxe5+ Kd6 43. Nd3 Re2+ 44. Kd4 Bf3 45. Re1 Rh2 46. Ne5
Be2 47. Nf7+ Ke6 48. Nxh6 Bb5 49. Rg1 Rxb2 50. Rxg5 a3 51. Rg6+ Kd7 52. Rg1 a2
53. Ra1 Rb4+ 54. Kc3 Bc4 55. Nf5 Bg8 56. Kc2 Rxe4 57. Nh6 Be6 58. Ng4 Re2+ 59.
Kc3 Kc6 60. Rc1 Kb5 61. Ra1 Ka4 62. Nf6 Ka3 63. h4 Rb2 64. h5 Rb1 65. Rxa2+
Kxa2 66. Kd4 a4 67. Ke3 Kb2 68. h6 a3 69. h7 Rh1 70. Kf4 a2 71. Ke5 Bc8 72. Kd6
a1=Q 73. h8=Q Qa3+ 74. Ke5 Qg3+ 75. Kd5 Rd1+ 76. Ke4 Re1+ 77. Kd4 Qc3+ 78. Kd5
Bb7+ 79. Kd6 Qc6# {Hossa checkmated} 0-1

[Event "ICS Rated blitz match"]
[Site "204.178.125.65"]
[Date "2001.10.01"]
[Round "?"]
[White "Hossa"]
[Black "Kupnu4"]
[Result "1-0"]
[WhiteElo "2550"]
[BlackElo "2325"]
[PlyCount "23"]
[EventDate "2001.??.??"]

1. d4 e6 2. c4 b6 3. Nf3 Bb7 4. Nc3 Nf6 5. e3 Be7 6. Bd3 O-O 7. e4 d6 8. O-O
Nfd7 9. Bf4 a6 10. Qe2 Re8 11. Bc2 Rf8 12. e5 {Kupnu4 resigns} 1-0

[Event "ICS Rated blitz match"]
[Site "204.178.125.65"]
[Date "2001.10.01"]
[Round "?"]
[White "potatochess"]
[Black "Hossa"]
[Result "0-1"]
[WhiteElo "2081"]
[BlackElo "2557"]
[PlyCount "112"]
[EventDate "2001.??.??"]

1. e4 d5 2. exd5 Qxd5 3. Nf3 Bf5 4. Nc3 Qd8 5. d4 e6 6. Bc4 Bd6 7. O-O Nf6 8.
Bg5 O-O 9. Nh4 h6 10. Nxf5 hxg5 11. Nxd6 cxd6 12. d5 e5 13. Qd2 Qe7 14. Qxg5
Nbd7 15. Qe3 Nb6 16. Bb3 Rac8 17. Rad1 Rfd8 18. h3 Rc5 19. f4 Re8 20. Rfe1 e4
21. Kh1 a6 22. Rd4 g6 23. Nxe4 Nxe4 24. Rxe4 Qxe4 25. Qxe4 Rxe4 26. Rxe4 Nxd5
27. Rd4 Nf6 28. Rxd6 Kg7 29. Kh2 Rc7 30. Rd4 Re7 31. a3 Ne4 32. Rb4 Nd2 33. Ba2
Rd7 34. a4 Kf6 35. Kg3 Kf5 36. c3 Ne4+ 37. Kf3 Nc5 38. Bb1+ Kf6 39. g3 Rd6 40.
Bc2 a5 41. Rb5 b6 42. b4 axb4 43. cxb4 Ne6 44. a5 Nd4+ 45. Kg4 Nxb5 46. axb6
Rxb6 47. f5 Nd4 48. fxg6 Nxc2 49. gxf7 Rxb4+ 50. Kh5 Kxf7 51. g4 Ne3 52. h4
Rxg4 53. Kh6 Rxh4+ 54. Kg5 Re4 55. Kh5 Kf6 56. Kh6 Rh4# {potatochess checkmated
} 0-1

[Event "ICS Rated blitz match"]
[Site "204.178.125.65"]
[Date "2001.10.01"]
[Round "?"]
[White "Hossa"]
[Black "Yace"]
[Result "0-1"]
[WhiteElo "2557"]
[BlackElo "2882"]
[PlyCount "141"]
[EventDate "2001.??.??"]

1. e4 c6 2. d4 d5 3. exd5 cxd5 4. Bd3 Nc6 5. c3 Nf6 6. Bg5 Bg4 7. Ne2 e6 8. Qc2
Bxe2 9. Qxe2 Be7 10. O-O O-O 11. Re1 Qc7 12. Bh4 Qf4 13. Bg3 Qh6 14. Qc2 Rfc8
15. Qb3 Nd8 16. Qb5 Rc6 17. Qa4 Nh5 18. Qd1 Nxg3 19. fxg3 Rb6 20. b3 Rc8 21.
Qe2 Bg5 22. Qf3 a6 23. Bc2 Rbc6 24. Qf2 Rxc3 25. Nxc3 Rxc3 26. Rad1 Be3 27.
Rxe3 Qxe3 28. Qxe3 Rxe3 29. Bd3 e5 30. dxe5 Nc6 31. Bf5 Rxe5 32. Bc8 Nd8 33.
Rc1 Kf8 34. Kf2 f6 35. Rc7 Re7 36. Rc5 d4 37. Rc4 Re8 38. Bd7 Re4 39. Rc8 Ke7
40. Bf5 Re5 41. Rc7+ Kd6 42. Rd7+ Kc6 43. Bg4 Ne6 44. Bxe6 Rxe6 45. Rxd4 b5 46.
Rd8 h5 47. Kf3 Kc5 48. Rg8 g5 49. Rh8 Kb4 50. Rxh5 Ka3 51. h4 Kxa2 52. hxg5
fxg5 53. Rxg5 Kxb3 54. g4 b4 55. Rd5 Kc4 56. Rd7 b3 57. Rb7 a5 58. Kf4 a4 59.
Kf5 Re2 60. Kf4 a3 61. Kf3 Re6 62. Rc7+ Kb5 63. Rb7+ Rb6 64. Ra7 Kb4 65. g5 b2
66. g6 b1=Q 67. Kf4 Rf6+ 68. Ke5 Qf5+ 69. Kd4 Qf4+ 70. Kd3 Rd6+ 71. Kc2 {
Hossa resigns} 0-1

[Event "ICS Rated blitz match"]
[Site "204.178.125.65"]
[Date "2001.10.01"]
[Round "?"]
[White "Yace"]
[Black "Hossa"]
[Result "1-0"]
[WhiteElo "2886"]
[BlackElo "2553"]
[PlyCount "221"]
[EventDate "2001.??.??"]

1. e4 e5 2. Nf3 Nc6 3. Bb5 a6 4. Ba4 Nf6 5. O-O Be7 6. Re1 b5 7. Bb3 d6 8. c3
O-O 9. h3 Nd7 10. d4 Nb6 11. Nbd2 exd4 12. cxd4 Nb4 13. Nf1 c5 14. a3 Nc6 15.
Be3 a5 16. Rc1 c4 17. Bc2 d5 18. Ne5 Nxe5 19. dxe5 dxe4 20. Qxd8 Bxd8 21. Bxe4
Ra7 22. Rcd1 Bc7 23. Bc5 Rd8 24. Rxd8+ Bxd8 25. Bc6 b4 26. axb4 axb4 27. Rd1
Bc7 28. Bxb4 Ra2 29. Bd6 Bd8 30. Be4 Na4 31. Bb1 Nxb2 32. Rd2 c3 33. Bxa2 cxd2
34. Nxd2 Nd3 35. Ne4 Bf5 36. Nc5 Nf4 37. Kh2 Bb6 38. g4 Bg6 39. Bc4 Bxc5 40.
Bxc5 Bd3 41. Bb3 Be4 42. h4 Nd3 43. Bd4 Nf4 44. g5 Bf3 45. Bc2 Bd5 46. Bb2 Ne2
47. Bd3 Bf3 48. Bc4 g6 49. Bb5 Kf8 50. Kh3 Ke7 51. Bc4 Nf4+ 52. Kg3 Bd5 53. Ba6
Nh5+ 54. Kh3 Be6+ 55. Kg2 Bd5+ 56. Kh2 Kd7 57. Bc3 Kc6 58. Bb4 Bb3 59. Bc3 Bd5
60. Bd2 Bb3 61. f4 Ng7 62. Be3 Nf5 63. Bf2 Ba2 64. Kg2 Bd5+ 65. Kf1 Bf3 66. Ke1
Ne7 67. Kd2 Bg4 68. Bf1 Be6 69. Be2 Nf5 70. h5 gxh5 71. Bxh5 Bd5 72. Kd3 Kd7
73. Bd1 Ke6 74. Bg4 Bg2 75. Bc5 Bd5 76. Bd6 Bg2 77. Kc4 Be4 78. Kc5 Bb1 79. Kc4
Be4 80. Kc5 Bb1 81. Bc7 Kd7 82. Ba5 Be4 83. Bb4 Ke6 84. Kc4 Bd5+ 85. Kd3 Bc6
86. Bf8 Bg2 87. Bd6 Bd5 88. Bb4 Bc6 89. Bc5 Bd5 90. Bb6 Bg2 91. Bd8 Bc6 92. Kc4
Be4 93. Kc5 Bg2 94. Bf6 Bf1 95. Bd8 Bg2 96. Be2 Kd7 97. Bf6 Ne3 98. Bd3 Nd5 99.
f5 Nc7 100. Bg7 Bd5 101. Bf8 Bg2 102. Bd6 Bf3 103. e6+ fxe6 104. f6 Bh5 105.
Bxc7 Kxc7 106. g6 hxg6 107. f7 Bf3 108. f8=Q Bd5 109. Qe7+ Kb8 110. Kb6 Bc6
111. Qd8# {Hossa checkmated} 1-0

[Event "ICS rated blitz match"]
[Site "204.178.125.65"]
[Date "2001.10.01"]
[Round "?"]
[White "OrlandoFL"]
[Black "Hossa"]
[Result "1-0"]
[WhiteElo "2849"]
[BlackElo "2551"]
[PlyCount "82"]
[EventDate "2001.??.??"]

1. d4 Nf6 2. c4 e6 3. Nc3 Be7 4. e4 O-O 5. e5 Ne8 6. Bd3 d6 7. Nf3 dxe5 8. Nxe5
Nf6 9. O-O c5 10. dxc5 Bxc5 11. Bg5 Na6 12. Qf3 h6 13. Bf4 Qe7 14. Rad1 Rd8 15.
Bb1 Bd4 16. b3 Nc7 17. Rd3 Bb6 18. Rxd8+ Qxd8 19. Na4 Ba5 20. Nc5 Qd4 21. Ne4
Nxe4 22. Bxe4 f5 23. Bb1 Bd2 24. Bxd2 Qxd2 25. Qh5 Qd6 26. Qf7+ Kh7 27. Re1 Qd2
28. Kf1 Na6 29. Qg6+ Kg8 30. Qe8+ Kh7 31. Nf7 Bd7 32. Qxa8 Bc6 33. Qh8+ Kg6 34.
Ne5+ Kh5 35. Qxg7 Qg5 36. Qf7+ Kh4 37. Ng6+ Kh5 38. Nf4+ Kg4 39. Bxf5+ exf5 40.
g3 Qxf4 41. gxf4 Kh4 {Hossa resigns} 1-0

[Event "ICS rated blitz match"]
[Site "204.178.125.65"]
[Date "2001.10.01"]
[Round "?"]
[White "Hossa"]
[Black "Cedars"]
[Result "1-0"]
[WhiteElo "2546"]
[BlackElo "2133"]
[PlyCount "139"]
[EventDate "2001.??.??"]

1. e4 e5 2. Bc4 Nf6 3. Nc3 Nc6 4. Nf3 Be7 5. O-O d6 6. d4 Bg4 7. dxe5 Nxe5 8.
Be2 Nxf3+ 9. Bxf3 Bxf3 10. Qxf3 Qd7 11. e5 dxe5 12. Qxb7 O-O 13. Rd1 Bd6 14.
Bg5 Qf5 15. Bxf6 Qxf6 16. Ne4 Qg6 17. Qc6 Rad8 18. Rd3 f5 19. Qd5+ Qf7 20. Nxd6
Qxd5 21. Rxd5 Rxd6 22. Rxe5 Rd2 23. Rc1 f4 24. Kf1 f3 25. gxf3 Rxf3 26. Re2
Rxe2 27. Kxe2 Rh3 28. Rd1 g5 29. Rd8+ Kf7 30. Rd7+ Kg6 31. Rxc7 g4 32. Rxa7
Rxh2 33. Ke3 h5 34. Ra6+ Kf5 35. Ra5+ Kg6 36. Ra3 h4 37. Rd3 Kf5 38. Rd5+ Kf6
39. Rd4 Kf5 40. Rf4+ Kg5 41. Rf8 g3 42. Rg8+ Kf5 43. fxg3 hxg3 44. Rxg3 Rxc2
45. Rf3+ Ke5 46. Rf2 Rc1 47. Re2 Ra1 48. Kd3+ Kd5 49. b3 Kc5 50. Rc2+ Kb5 51.
Kc3 Rh1 52. a4+ Ka5 53. Rd2 Rc1+ 54. Kb2 Rh1 55. Rd5+ Kb6 56. b4 Rh4 57. Kc3
Rh3+ 58. Kc4 Rh4+ 59. Rd4 Rh6 60. a5+ Ka6 61. Kc5 Rh1 62. Rd6+ Ka7 63. Rd7+ Kb8
64. a6 Ka8 65. b5 Rh5+ 66. Kc6 Rh6+ 67. Rd6 Rh8 68. b6 Rc8+ 69. Kb5 Rb8 70. a7
{Cedars resigns} 1-0

[Event "ICS rated blitz match"]
[Site "204.178.125.65"]
[Date "2001.10.01"]
[Round "?"]
[White "Tinker"]
[Black "Hossa"]
[Result "1/2-1/2"]
[WhiteElo "2414"]
[BlackElo "2549"]
[PlyCount "105"]
[EventDate "2001.??.??"]

1. e4 c5 2. Nf3 d6 3. d4 cxd4 4. Nxd4 Nf6 5. Nc3 a6 6. Be2 e5 7. Nb3 Be7 8. O-O
O-O 9. Be3 Be6 10. Qd2 Nbd7 11. a4 Rc8 12. a5 Qc7 13. Rfd1 Nc5 14. Nxc5 dxc5
15. Nd5 Nxd5 16. exd5 Rfd8 17. Bf3 Bf5 18. Qe2 Qd7 19. Qc4 Qb5 20. Qxb5 axb5
21. d6 Rxd6 22. Bxb7 Rxd1+ 23. Rxd1 Rc7 24. a6 Bc8 25. Bxc8 Rxc8 26. Ra1 f5 27.
Kf1 Ra8 28. g3 Kf7 29. a7 Ke6 30. h4 h5 31. Bd2 f4 32. gxf4 exf4 33. Bxf4 Bxh4
34. Kg2 Bf6 35. Ra2 h4 36. Kh3 b4 37. b3 Kd5 38. Ra6 c4 39. bxc4+ Kxc4 40. Be3
Bd8 41. f4 Kc3 42. Ra2 Kc4 43. f5 Kd5 44. Kg4 Kc4 45. Bf2 Kc3 46. Bxh4 Bb6 47.
Be1+ Kc4 48. Ra4 Bc5 49. Ra5 Bd4 50. Ra4 Bc5 51. Ra5 Bd4 52. Ra4 Bc5 53. Ra5 {
Game drawn by repetition} 1/2-1/2

[Event "ICS rated blitz match"]
[Site "204.178.125.65"]
[Date "2001.10.01"]
[Round "?"]
[White "Hossa"]
[Black "LeonidP"]
[Result "1-0"]
[WhiteElo "2543"]
[BlackElo "2066"]
[PlyCount "83"]
[EventDate "2001.??.??"]

1. e4 c5 2. Nf3 d6 3. d4 cxd4 4. c3 Nf6 5. Qxd4 Nc6 6. Bb5 Bd7 7. Qd3 a6 8. Ba4
b5 9. Bb3 e6 10. Bg5 Be7 11. O-O Qc7 12. Rd1 Rd8 13. Bc2 Bc8 14. Nbd2 Bb7 15.
a4 b4 16. Rab1 Ne5 17. Nxe5 dxe5 18. Qg3 Nh5 19. Qh4 Bxg5 20. Qxg5 Nf4 21. Qxg7
Ke7 22. Qg5+ Kf8 23. Qh6+ Ke7 24. Kf1 Rdg8 25. g3 Ng6 26. Bb3 Rd8 27. cxb4 Qb6
28. Qg5+ f6 29. Qh6 Kf7 30. Nc4 Qxb4 31. Rxd8 Rxd8 32. Qxh7+ Kf8 33. Qxg6 Qxb3
34. Qxf6+ Ke8 35. Qxe6+ Kf8 36. Qf6+ Kg8 37. Qxd8+ Kg7 38. Qg5+ Kf7 39. Nd6+
Ke6 40. Qg8+ Kxd6 41. Qxb3 Kc5 42. Rc1+ {LeonidP resigns} 1-0

[Event "ICS rated blitz match"]
[Site "204.178.125.65"]
[Date "2001.10.01"]
[Round "?"]
[White "superfreak"]
[Black "Hossa"]
[Result "0-1"]
[WhiteElo "2034"]
[BlackElo "2535"]
[PlyCount "78"]
[EventDate "2001.??.??"]

1. a3 e5 2. h3 Nf6 3. d3 Be7 4. Nd2 d5 5. Rh2 O-O 6. Rh1 Be6 7. e3 Nc6 8. Ne2
Bd6 9. c3 Ne7 10. Qa4 c6 11. Nf3 e4 12. dxe4 Nxe4 13. Nd2 Nc5 14. Qc2 Bf5 15.
e4 dxe4 16. Nd4 Nd3+ 17. Bxd3 exd3 18. Qd1 Re8 19. Kf1 Bc7 20. N2f3 Be4 21. Be3
Nd5 22. Qd2 Nxe3+ 23. Qxe3 c5 24. Nb3 Bd5 25. Qxc5 Bxb3 26. h4 Re2 27. h5 Bb6
28. Qxb6 Qxb6 29. Nd4 Rxb2 30. h6 d2 31. hxg7 Ra2 32. Rb1 Bc4+ 33. Kg1 Qxb1+
34. Kh2 Qxh1+ 35. Kxh1 d1=Q+ 36. Kh2 Qg4 37. Nf3 Rxf2 38. Ne1 Qh4+ 39. Kg1 Rf1#
{superfreak checkmated} 0-1

[Event "ICS rated blitz match"]
[Site "204.178.125.65"]
[Date "2001.10.01"]
[Round "?"]
[White "superfreak"]
[Black "Hossa"]
[Result "0-1"]
[WhiteElo "2030"]
[BlackElo "2539"]
[PlyCount "24"]
[EventDate "2001.??.??"]

1. a3 e5 2. h3 Nf6 3. d3 Be7 4. Nd2 d5 5. Ngf3 e4 6. Ng1 exd3 7. cxd3 d4 8.
Ngf3 O-O 9. b3 Nd5 10. Bb2 c5 11. Rc1 Ne3 12. fxe3 Bh4+ {superfreak resigns}
0-1

[Event "ICS rated blitz match"]
[Site "204.178.125.65"]
[Date "2001.10.01"]
[Round "?"]
[White "Hossa"]
[Black "superfreak"]
[Result "1-0"]
[WhiteElo "2541"]
[BlackElo "2028"]
[PlyCount "67"]
[EventDate "2001.??.??"]

1. e4 e6 2. d4 h6 3. Bd3 a6 4. Nf3 d6 5. O-O Nf6 6. c4 Be7 7. e5 Nfd7 8. exd6
cxd6 9. Bf4 Nf6 10. Nc3 Qa5 11. Ne4 Nxe4 12. Bxe4 Nd7 13. Qc2 Nf6 14. Nd2 Ra7
15. d5 e5 16. Be3 Ra8 17. Bd3 Qc7 18. Qb3 Rb8 19. f4 exf4 20. Bb6 Qd7 21. Rxf4
g6 22. Qc3 O-O 23. Rxf6 Bxf6 24. Qxf6 Qg4 25. Bd4 Qxd4+ 26. Qxd4 Bd7 27. Ne4 f5
28. Nf6+ Kf7 29. Nxd7 Rfe8 30. Qf6+ Kg8 31. Qxg6+ Kh8 32. Nf6 Re7 33. Qxh6+ Rh7
34. Qxh7# {superfreak checkmated} 1-0

[Event "ICS rated standard match"]
[Site "204.178.125.65"]
[Date "2001.10.01"]
[Round "?"]
[White "Hossa"]
[Black "diep"]
[Result "0-1"]
[WhiteElo "2339"]
[BlackElo "2373"]
[PlyCount "126"]
[EventDate "2001.??.??"]

1. e4 c5 2. Nf3 d6 3. d4 cxd4 4. Nxd4 Nf6 5. f3 Qb6 6. Nc3 Bd7 7. Be2 Nc6 8.
Nb3 e6 9. Bf4 Nb4 10. a3 Nh5 11. Bg5 h6 12. Bh4 Nf4 13. Bf2 Nxc2+ 14. Qxc2
Nxg2+ 15. Kf1 Ne3+ 16. Bxe3 Qxe3 17. Rg1 g5 18. Kg2 Rc8 19. Qd3 Qxd3 20. Bxd3
Bg7 21. Rac1 Ke7 22. Rc2 Be5 23. Rgc1 Bf4 24. Re1 Rhg8 25. Ne2 Rxc2 26. Bxc2
Be5 27. Nbd4 Rc8 28. Bb3 a6 29. Rd1 Rc7 30. Rd2 Rc5 31. Rc2 f5 32. exf5 exf5
33. Rd2 Kf6 34. Nc3 Bc6 35. Nxc6 bxc6 36. Na4 Rc1 37. Nb6 d5 38. Nd7+ Ke6 39.
Nxe5 Kxe5 40. Re2+ Kf4 41. h3 d4 42. Bc2 c5 43. b3 a5 44. a4 h5 45. Rf2 Re1 46.
Kh2 Ke3 47. Rg2 f4 48. Bf5 Re2 49. Kh1 d3 50. Rxg5 d2 51. Bc2 Re1+ 52. Kg2 Rc1
53. Rxc5 Rxc2 54. Rxc2 d1=Q 55. Rf2 Qe1 56. Rc2 Qg3+ 57. Kh1 Qxf3+ 58. Rg2
Qxh3+ 59. Kg1 f3 60. Rc2 Qf5 61. Rb2 f2+ 62. Kh2 Qf4+ 63. Kh3 f1=Q+ {
Hossa resigns} 0-1

[Event "ICS rated standard match"]
[Site "204.178.125.65"]
[Date "2001.10.01"]
[Round "?"]
[White "BrazilianMaster"]
[Black "Hossa"]
[Result "1-0"]
[WhiteElo "2669"]
[BlackElo "2325"]
[PlyCount "98"]
[EventDate "2001.??.??"]

1. d4 Nf6 2. c4 g6 3. Nc3 d5 4. cxd5 Nxd5 5. e4 Nxc3 6. bxc3 Bg7 7. Bc4 c5 8.
Ne2 O-O 9. O-O Nc6 10. Be3 Qc7 11. Rc1 Rd8 12. Bf4 Qd7 13. d5 Na5 14. Bd3 b6
15. c4 Nc6 16. Bc2 Nd4 17. Nxd4 cxd4 18. e5 b5 19. e6 fxe6 20. dxe6 Qe8 21. Be4
Bxe6 22. Bxa8 Rxa8 23. cxb5 Qxb5 24. Re1 Bxa2 25. Rxe7 Bf6 26. Rec7 a5 27. Qf3
Re8 28. Bd2 Be5 29. Rc8 Kg7 30. Qh3 Rxc8 31. Rxc8 d3 32. Qh6+ Kf6 33. Qh4+ Kf5
34. Qxh7 Bc4 35. Rf8+ Ke4 36. Qxg6+ Kd5 37. Rd8+ Kc5 38. Rc8+ Kd4 39. f3 Kd5
40. Qf7+ Kd4 41. Qh7 Kd5 42. Rd8+ Kc6 43. Qd7+ Kb6 44. Be3+ Qc5 45. Bxc5+ Kxc5
46. Qe7+ Kb6 47. Qxe5 Ba6 48. Qd4+ Kb7 49. Qd6 Bc4 {Hossa resigns} 1-0